000 00777nam a2200205Ia 4500
003 Ost
005 20260507075032.0
008 260507s9999||||xx |||||||||||||| ||und||
020 _a7065313977
040 _cfsecg
041 _aara
082 _a330
100 _aالشافعى، محمد محمد
_eمؤلف
245 0 _aإدارة الوقت /
_c محمد محمد الشافعى
260 _aالإسكندرية:
_bمركز المحروسة للبحوث والتدريب والنشر,
_c2002
300 _a237 صفحة؛
_bإيضاحات ؛
_c24 سم
520 _aمفهوم إدارة الوقت- إهدار الوقت- تطور مناهج إدارة الوقت- إعداد خطة لإدارة الوقت
653 _aإدارة الوقت
942 _cكتاب
999 _c42411
_d42411